00484nam a22001577a 450000500170000001000150001702000260003203500140005803700130007208200160008510000190010124500850012026000340020527000620023930000250030120170629154954.0 aENG-119063 a9789382618072c445.00 aEN-102599 bDBAD/PUB a332.7095472 aGorur, Hemanth aDoing what is right:bthe crisil story /cby Hemanth Gorur [and] Sumit Chowdhury aNew DelhibWestland ltdc2012 a93, 1st Floor, Sham Lal Road, Daryaganj, New Delhi-110002 axxiv,135pc21cm.(Hb)